000 02683nam0a2200481 4500
001 RU\NLR\bibl\1843644
005 20260408173841.0
010 _a978-5-8243-1569-1
_92000
021 _aRU
_b2011-89757
_96425
035 _a(NLR Aleph) 001834089
090 _a2179989
_c2179989
100 _a20111206d2011 |||y0rusy50 ca
101 1 _arus
_ceng
102 _aRU
105 _ay |||||||||
200 1 _aЗа рамками тоталитаризма
_eсравнительные исследования сталинизма и нацизма
_e[сборник статей
_fУполномоч. по правам человека в Рос. Федерации и др.
_gпод ред.М. Гейгера и Ф. Фицпатрик
_fпер. с англ. В.И. Матузова и др.]
210 _aМосква
_cФонд "Президентский центр Б.Н. Ельцина"
_cРОССПЭН
_d2011
215 _a677, [2] с.
_d22
225 1 _aИстория сталинизма
_fред. совет: Й. Баберовски [и др.]
300 _aЗагл. ориг.: Beyond totalitarianism
300 _aНа авантит. в надзаг. также: Гос. архив Рос. Федерации, Фонд "Президент. центр Б.Н. Ельцина", Междунар. ист.-просветит. благотвор. и правозащит. о-во "Мемориал", ИНИОН РАН
320 _aБиблиогр.: с. 580-671 и в подстроч. примеч.
320 _aУказ. имен: с. 672-675
320 _aФильмогр.: с. 672
454 0 _12001#$aBeyond totalitarianism
_tBeyond totalitarianism
606 1 _aСталинизм
_jСборники
_92097476
_3RU\NLR\auth\661268933
606 _aНационал-социализм
_jСборники
_3RU\NLR\AUTH\66796121
_91772638
607 _aСССР
_jСборники
_xВзаимоотношения
_yГермания
_92580070
_3RU\NLR\auth\661525301
607 _aГермания
_jСборники
_xВзаимоотношения
_yСССР
_92580072
_3RU\NLR\auth\661525302
686 _aТ3(2)7-31я43
686 _aТ3(4Г)63-72я43
686 _aТ3(4Г)6-64(2)я43
686 _aТ3(2)7-64(4Г)я43
702 1 _aГейер
_bМ.
_gМайкл
_4340
712 0 1 _4570
_aРоссийская Федерация
_bУполномоченный по правам человека
_3RU\NLR\AUTH\8810018188
_9534207
801 0 _aRU
_bNLR
_c20111206
_gRCR
801 1 _aRU
_bNLR
_c20111206
830 _aред. по кн.
942 _cBOOK
980 _aNB
980 _aNBR